书目信息 |
| 题名: |
弹性力学习题解答
|
|
| 作者: | 丁立祚 , 邵震豪 编 | |
| 分册: | ||
| 出版信息: | 北京 中国铁道出版社 1982 |
|
| 页数: | 292页 | |
| 开本: | 21cm | |
| 丛书名: | ||
| 单 册: | ||
| 中图分类: | O343 | |
| 科图分类: | ||
| 主题词: | 弹性力学 | |
| 电子资源: | ||
| ISBN: | ||
| 000 | 00656nam0 2200241 45 | |
| 001 | 0182001342 | |
| 005 | 20050104113219.7 | |
| 010 | @dCNY1.35 | |
| 091 | @a15043.6336 | |
| 100 | @a19950406d1982 em y0chiy0121 ea | |
| 101 | 0 | @achi |
| 102 | @aCN@b110000 | |
| 105 | @ay q 000yy | |
| 200 | 10 | @a弹性力学习题解答@Atan xing li xue xi ti jie da@f丁立祚, 邵震豪编@FDingLi Zuo,Shao Zhen Hao Bian |
| 210 | @a北京@c中国铁道出版社@d1982 | |
| 215 | @a292页@d21cm | |
| 606 | @a弹性力学 | |
| 690 | @aO343@v3 | |
| 701 | 0 | @a丁立祚@4编 |
| 701 | 0 | @a邵震豪@4编 |
| 801 | 0 | @aCN@b上海图书馆@c20040518 |
| 801 | 2 | @aCN@bNLC@c20040518 |
| 905 | @dO343@e13@f1@b157964 | |
| 弹性力学习题解答/丁立祚, 邵震豪编.-北京:中国铁道出版社,1982 |
| 292页;21cm |
| ISBN :CNY1.35 |
| ● |
| 相关链接 |
|
|
|
|
正题名:弹性力学习题解答
索取号:O343/13
 
预约/预借
| 序号 | 登录号 | 条形码 | 馆藏地/架位号 | 状态 | 备注 |
| 1 | 0105474 | 000385309 | 第三借阅区/ [索取号:O343/13] | 在馆 | |
| 2 | 0105475 | 000385318 | 第三借阅区/ [索取号:O343/13] | 在馆 | |
| 3 | 0105477 | 000385327 | 第三借阅区/ [索取号:O343/13] | 在馆 | |
| 4 | 0105478 | 000385292 | 第二样本阅览室/ [索取号:O343/13] | 在馆 | |
| 5 | 0157963 | 000385336 | 第三借阅区/ [索取号:O343/13] | 在馆 | |
| 6 | 0157964 | 001966466 | 第三借阅区/ [索取号:O343/13] | 在馆 |